01691nam a22003257a 4500003000400000005001700004008004100021040002200062082001400084100003600098245004800134260005300182300001900235366000800254366000800262490002300270505024500293505009600538505017400634505014700808650004100955650005000996650004401046650004801090650004301138650004401181650004801225650004701273650004501320OSt20230421081322.0221006b |||||||| |||| 00| 0 eng d cBiblioteca Lado V a700bZ39a aZaya, Antonioeeditoredirector aAtalantica/bRevista de Arte y Pensamiento/ bCentro Atlantico de Arte Modernoc1994aEspaña c24x30cma192p. efre eeng v1994x1132-8428a8 tTerritoriosaMin Joong Art El arte africano contemporaneo desde la perspectiva del ejemplo sudanes Cruzando las fronteras Shirin Neshart y las mujeres de Allah Proyecto de Ricardo de Oliveira para Atlantica Luis Gordillo Momento Amore tNexusaArte y Naturaleza en la propuesta estética Cesar Manrique y el futuro imposible  tDossier V Bienal de la Habana aArte, Sociedad y Bienal de la Habana Proyecto de Manuel Piña para Atlantica La crisis de la crisis Proyecto de Tonel La otra orilla tRevistaaArte Africano La Cultura Cubana con Sabor Proyecto de Iraida La Justicia o la Coreografia del Equilibrio De Colombia. Arte Actual 2Tesauro de Arte & ArquitecturaaARTE 2Tesauro de Arte & ArquitecturaaEXPOSICIONES  2Tesauro de Arte & ArquitecturaaCULTURA 2Tesauro de Arte & ArquitecturaaAPRECIACION 2Tesauro de Arte & ArquitecturaaTEORIA 2Tesauro de Arte & ArquitecturaaCRITICA 2Tesauro de Arte & ArquitecturaaFOTOGRAFIA  2Tesauro de Arte & ArquitecturaaLITERATURA 2Tesauro de Arte & ArquitecturaaESPAÑA